Project management / (Record no. 346014)
[ view plain ]
| 000 -LEADER | |
|---|---|
| fixed length control field | 00880 a2200181 4500 |
| 020 ## - INTERNATIONAL STANDARD BOOK NUMBER | |
| International Standard Book Number | 8176480800 |
| 020 ## - INTERNATIONAL STANDARD BOOK NUMBER | |
| International Standard Book Number | 9788176480802 |
| 090 ## - LOCALLY ASSIGNED LC-TYPE CALL NUMBER (OCLC); LOCAL CALL NUMBER (RLIN) | |
| -- | 3541 |
| -- | 3541 |
| 100 1# - MAIN ENTRY--PERSONAL NAME | |
| Personal name | Narayan, B. |
| 245 10 - TITLE STATEMENT | |
| Title | Project management / |
| Statement of responsibility, etc. | B. Narayan. |
| 260 ## - PUBLICATION, DISTRIBUTION, ETC. | |
| Place of publication, distribution, etc. | [S.l.] : |
| Name of publisher, distributor, etc. | APH Publishing Corp., |
| Date of publication, distribution, etc. | 1998. |
| 300 ## - PHYSICAL DESCRIPTION | |
| Extent | 299 p. |
| 500 ## - GENERAL NOTE | |
| General note | Hardcover. |
| 520 ## - SUMMARY, ETC. | |
| Summary, etc. | Project management involves the planning, directing, coordinating and controlling of resources with the aim of completing a specific project within predetermined parameters of quality , time and money. The objective of this encyclopaedia is to identify those aspects the development and information processes. |
| 856 40 - ELECTRONIC LOCATION AND ACCESS | |
| Materials specified | Amazon.com |
| Uniform Resource Identifier | <a href="http://www.amazon.com/exec/obidos/ASIN/8176480800/chopaconline-20">http://www.amazon.com/exec/obidos/ASIN/8176480800/chopaconline-20</a> |
| 856 40 - ELECTRONIC LOCATION AND ACCESS | |
| Materials specified | Amazon customer reviews |
| Uniform Resource Identifier | <a href="http://www.chopac.org/cgi-bin/tools/azrev.pl?q=8176480800">http://www.chopac.org/cgi-bin/tools/azrev.pl?q=8176480800</a> |
| 942 ## - ADDED ENTRY ELEMENTS (KOHA) | |
| Institution code [OBSOLETE] | NBS |
| Koha item type | Book |
| Call number prefix | 658.404 NAR |
| Withdrawn status | Lost status | Damaged status | Not for loan | Permanent Location | Current Location | Date acquired | Total Checkouts | Full call number | Barcode | Date last seen | Price effective from | Koha item type |
|---|---|---|---|---|---|---|---|---|---|---|---|---|
| Central Library (CL) | Central Library (CL) | 08/28/2013 | 658.404 NAR | NBS4391 | 08/28/2013 | 08/28/2013 | Book |
